Normal view
MARC view
- Harari, Yuval Noah
Entry Personal Name
001 - CONTROL NUMBER
- control field: 89097
003 - CONTROL NUMBER IDENTIFIER
- control field: NUST
005 - DATE AND TIME OF LATEST TRANSACTION
- control field: 20220217114140.0
008 - FIXED-LENGTH DATA ELEMENTS
- fixed length control field: 220217|| aca||aabn | a|a d
040 ## - CATALOGING SOURCE
- Original cataloging agency: NUST
- Transcribing agency: NUST
100 ## - HEADING--PERSONAL NAME
- Personal name: Harari, Yuval Noah
670 ## - SOURCE DATA FOUND
- Source citation: Work cat.: (NUST): Harari, Yuval Noah, 21 Lessons for the 21st Century /, 2019.
